[Event "Wch-ch U08 Girls rapid"]
[Site "Minsk"]
[Date "2019.08.16"]
[Round "2"]
[White "Olkhovik, Anna"]
[Black "Movchan, Nataliya"]
[Result "0-1"]
[WhiteElo "1095"]
[BlackElo "1261"]
[PlyCount "66"]
[EventDate "2019.08.16"]
[EventType "swiss (rapid)"]
[EventRounds "9"]
[EventCountry "BLR"]
[SourceTitle "EXT 2020"]
[Source "ChessBase"]
[SourceDate "2019.10.17"]
[SourceVersion "1"]
[SourceVersionDate "2019.10.17"]
[SourceQuality "1"]

1. e4 d6 2. d4 Nf6 3. Nc3 e5 4. d5 c6 5. Nf3 Bg4 6. Be2 Be7 7. h3 Bd7 8. 0-0 0-0 9. a4 a5 10. b3 Qc7 11. Ba3 cxd5 12. Nxd5 Nxd5 13. exd5 Bf5 14. Rc1 Rc8 15. c4 Nd7 16. g4 Bg6 17. Re1 h6 18. Nh2 Bh4 19. Nf3 Be7 20. Nh2 Qb6 21. Rf1 Bh4 22. Nf3 Be7 23. Qe1 Qxb3 24. Ra1 e4 25. Nd2 Qxh3 26. Bd1 Bf6 27. Rb1 Be5 28. f4 exf3 29. Nxf3 Qxg4+ 30. Kh1 Be4 31. Qf2 Bg3 32. Qg2 Qh5+ 33. Kg1 Bxb1 0-1